Statistics for Fast Typing 1 to 250

Click here to take the quiz!

General Stats

  • This quiz has been taken 40 times
  • The average score is 194 of 250

Answer Stats

#% Correct
1
100%
10
100%
11
100%
12
100%
13
100%
14
100%
15
100%
19
100%
2
100%
4
100%
5
100%
6
100%
8
100%
9
100%
16
96%
17
96%
18
96%
20
96%
21
96%
3
96%
7
96%
22
92%
23
92%
27
92%
29
92%
30
92%
31
92%
32
92%
33
92%
34
92%
35
92%
53
92%
58
92%
61
92%
83
92%
98
92%
105
88%
24
88%
25
88%
26
88%
28
88%
37
88%
38
88%
39
88%
40
88%
41
88%
42
88%
43
88%
44
88%
45
88%
46
88%
47
88%
50
88%
56
88%
57
88%
63
88%
65
88%
67
88%
68
88%
71
88%
72
88%
74
88%
75
88%
76
88%
78
88%
79
88%
87
88%
89
88%
90
88%
92
88%
94
88%
96
88%
100
83%
101
83%
102
83%
103
83%
104
83%
113
83%
116
83%
123
83%
124
83%
132
83%
36
83%
48
83%
49
83%
51
83%
52
83%
54
83%
55
83%
59
83%
62
83%
64
83%
66
83%
69
83%
73
83%
77
83%
80
83%
81
83%
82
83%
84
83%
85
83%
86
83%
88
83%
91
83%
93
83%
95
83%
97
83%
99
83%
106
79%
108
79%
109
79%
110
79%
111
79%
112
79%
114
79%
115
79%
117
79%
118
79%
119
79%
120
79%
121
79%
125
79%
126
79%
127
79%
128
79%
129
79%
130
79%
131
79%
133
79%
135
79%
136
79%
149
79%
60
79%
70
79%
107
75%
122
75%
134
75%
137
75%
138
75%
139
75%
140
75%
141
75%
142
75%
143
75%
144
75%
145
75%
146
75%
147
75%
148
75%
150
75%
153
75%
151
71%
152
71%
160
71%
170
71%
180
71%
181
71%
186
71%
187
71%
189
71%
232
71%
234
71%
243
71%
250
71%
154
67%
155
67%
156
67%
157
67%
158
67%
159
67%
161
67%
163
67%
167
67%
168
67%
171
67%
175
67%
176
67%
177
67%
178
67%
179
67%
182
67%
183
67%
184
67%
185
67%
188
67%
190
67%
191
67%
192
67%
193
67%
198
67%
199
67%
200
67%
202
67%
211
67%
220
67%
221
67%
222
67%
223
67%
224
67%
225
67%
227
67%
228
67%
229
67%
231
67%
233
67%
235
67%
236
67%
237
67%
238
67%
239
67%
240
67%
241
67%
242
67%
249
67%
162
63%
164
63%
165
63%
166
63%
169
63%
172
63%
173
63%
174
63%
194
63%
195
63%
196
63%
197
63%
207
63%
208
63%
209
63%
210
63%
212
63%
213
63%
214
63%
215
63%
216
63%
217
63%
218
63%
219
63%
226
63%
230
63%
244
63%
245
63%
246
63%
247
63%
248
63%
201
58%
203
58%
204
58%
205
58%
206
58%

Score Distribution

Percentile by Number Answered

Percent of People with Each Score

Your Score History

You have not taken this quiz